000 00338 a2200109 4500
001 ART_50542
005 20260410161945.0
008 260409a
245 1 0 _aEl impuesto a las ganancias sobre la cuarta categoría
100 1 _aToselli, Vanessa N.
773 0 _tTemas de derecho laboral
_g- N° 2 (feb. 2020)
_wREV27619
999 _c29832
_d29832